01417nam a2200361Ia 4500001000900000003000500009005001700014008004100031010001100072020001800083040000900101082002200110100002200132245014800154260004400302300001700346500005000363503000800413590002300421650004900444650003200493650004000525650005200565700004300617700003800660700005000698901002200748902000600770905006300776942001500839999001900854952018200873dia_3315CHAP20251023162930.0220117s1988 xx 000 0 und d a173789 a968-422-527-X cCHAP a005.7565 K78 1988 aKrumm, Rob963988 adBASE III PLUS : herramientas poderosas /c Rob Krumm ; traducción Antonio Rubio Ayuso, Gonzalo Olivares Ruíz, Ma. Jesús Vicente Pérez aMéxico, D. F. :b McGraw-Hill,c1988 axiii, 349 p. aTítulo original: dBASE III PLUS power tools aC/e aQA76.9.D3 K78 1988 aAdministración de bases de datos 9147206 aDatabase management9147210 adBASE III (Computer file) 9147207 adBASE III (Programa para computadora) 9147208 aOlivares Ruíz, Gonzalo, tr. 9154482 aRubio Ayuso, Antonio tr. 9154483 aVicente Pérez, María Jesús, tr.9154484 a005.7565 K78 1988 aM a5232271988 MX ain 8222223322SPA16 cLIBRO2ddc c173789d173789 00102ddc4051708GRALaIA_bIA_d2022-01-18eCompra Librería Gaona F. 1706 / R. (18/04/1989)g39285.00iC/el0o005.7565 K78 1988pdia_003221r2022-01-18 00:00:00t1yLIBRO